[Event "World Blitz 2025"]
[Site "Doha QAT"]
[Date "2025.12.29"]
[Round "10.51"]
[White "Xiao, Tong(QD)"]
[Black "Zemlyanskii, Ivan"]
[Result "0-1"]
[WhiteTitle "GM"]
[BlackTitle "GM"]
[WhiteElo "2555"]
[BlackElo "2592"]
[WhiteFideId "8622388"]
[BlackFideId "24249971"]
[EventDate "2025.12.29"]

1. b3 d5 2. Bb2 Nf6 3. Nf3 c5 4. e3 e6 5. d4 cxd4 6. exd4 Nc6 7. Nbd2 b6 8. a3
Bb7 9. Bd3 g6 10. O-O Bg7 11. Re1 O-O 12. Rc1 Rc8 13. c4 dxc4 14. bxc4 Qd6 15.
Nb3 Rfd8 16. Qe2 Qb8 17. h3 Re8 18. Qe3 Ne7 19. Ne5 Qa8 20. f3 Rcd8 21. Rcd1 Qc8
22. a4 Nc6 23. Nxc6 Bxc6 24. a5 Ba4 25. Bf1 Nh5 26. axb6 axb6 27. Rd2 Bxb3 28.
Qxb3 Qc7 29. Qe3 Ng3 30. Bd3 Qd7 31. Kh2 Nh5 32. Bf1 Bf8 33. g3 Bb4 34. Bc3 Bxc3
35. Qxc3 Ng7 36. d5 exd5 37. Rxe8+ Rxe8 38. cxd5 Qd6 39. f4 h5 40. Qc6 Qb4 41.
Re2 Rxe2+ 42. Bxe2 Qd2 43. Qc4 Nf5 44. Qd3 Qb4 45. Bf3 h4 46. Be4 hxg3+ 47. Kg2
Qb2+ 48. Kf3 Qf2+ 49. Kg4 g2 0-1

[Event "World Blitz 2025"]
[Site "Doha QAT"]
[Date "2025.12.29"]
[Round "10.52"]
[White "Gokerkan, Cem Kaan"]
[Black "Theodorou, Nikolas"]
[Result "1/2-1/2"]
[WhiteTitle "GM"]
[BlackTitle "GM"]
[WhiteElo "2510"]
[BlackElo "2652"]
[WhiteFideId "6336760"]
[BlackFideId "4262875"]
[EventDate "2025.12.29"]

1. e4 b6 2. d4 Bb7 3. Bd3 d6 4. Nf3 Nd7 5. O-O e5 6. d5 Ngf6 7. c4 g6 8. Nc3 Bg7
9. b4 O-O 10. a4 a5 11. bxa5 bxa5 12. Rb1 Nc5 13. Be3 Nfd7 14. Bc2 Bc8 15. Nd2
f5 16. f3 f4 17. Bf2 g5 18. Nb5 h5 19. Nb3 Nxa4 20. Ra1 Ndc5 21. Nxa5 Rxa5 22.
Bxa4 g4 23. Bc2 Rxa1 24. Qxa1 gxf3 25. gxf3 Bh3 26. Kh1 Bxf1 27. Qxf1 Kh7 28.
Qh3 Kh6 29. Bxc5 dxc5 30. Qe6+ Kh7 31. Qc6 Rf7 32. Qxc5 Bf8 33. Qf2 Qb8 34. Bd3
Qb6 35. Qxb6 cxb6 36. Kg2 Bc5 37. Kf1 Rg7 38. Ke1 Kg6 39. Bf1 Kf6 40. d6 Rd7 41.
Bh3 Rxd6 42. Nxd6 Bxd6 1/2-1/2

[Event "World Blitz 2025"]
[Site "Doha QAT"]
[Date "2025.12.29"]
[Round "10.53"]
[White "Salinas Herrera, Pablo"]
[Black "Ahmad, Khagan"]
[Result "0-1"]
[WhiteTitle "GM"]
[BlackTitle "IM"]
[WhiteElo "2473"]
[BlackElo "2472"]
[WhiteFideId "3407128"]
[BlackFideId "13431552"]
[EventDate "2025.12.29"]

1. e4 c5 2. Nf3 d6 3. Bb5+ Nd7 4. a4 Nf6 5. Nc3 a6 6. Be2 b6 7. d4 cxd4 8. Qxd4
Bb7 9. O-O e5 10. Qe3 Be7 11. b3 O-O 12. Bb2 Rc8 13. Nd2 d5 14. exd5 Nxd5 15.
Nxd5 Bxd5 16. Nc4 Bc5 17. Qg3 Qe7 18. Rad1 Bb7 19. Nxe5 Nxe5 20. Bxe5 f6 21.
Bc4+ Kh8 22. Bd6 Bxd6 23. Rxd6 Rc5 24. Qd3 Rg5 25. g3 Ba8 26. Rxb6 Re5 27. Qd6
Qe8 28. Rxa6 h5 29. Qd4 Re4 30. Qd1 Re5 31. Qd2 h4 32. Qf4 hxg3 33. fxg3 Rh5 34.
Bd3 Qc8 35. Re1 Qc5+ 36. Qe3 Qc8 37. Qe2 Re5 38. Qf2 Qb7 39. Rxa8 Rxe1+ 40. Qxe1
Rxa8 41. Qe6 Qc8 42. Qe4 Kg8 43. Bc4+ Kf8 44. Qd5 Ke7 45. Qf7+ Kd6 46. Qxg7 Qc5+
47. Kg2 Qc6+ 48. Kh3 Qf3 49. Qh6 Kc5 50. Bd3 Re8 51. b4+ Kxb4 52. Qd2+ Kxa4 53.
Bb5+ Kxb5 54. Qd7+ Qc6 55. c4+ Kc5 56. Qa7+ Kxc4 57. Qa2+ Kb5 58. Qb3+ Ka6 59.
Qd3+ Kb7 60. Qb3+ Kc7 61. Qf7+ Qd7+ 0-1

[Event "World Blitz 2025"]
[Site "Doha QAT"]
[Date "2025.12.29"]
[Round "10.54"]
[White "Wafa, Hamed"]
[Black "Peyrer, Konstantin"]
[Result "0-1"]
[WhiteTitle "IM"]
[BlackTitle "IM"]
[WhiteElo "2373"]
[BlackElo "2496"]
[WhiteFideId "10628452"]
[BlackFideId "1640879"]
[EventDate "2025.12.29"]

1. e4 e5 2. Nf3 Nc6 3. Bb5 a6 4. Ba4 f5 5. d4 exd4 6. e5 b5 7. Bb3 Na5 8. Qxd4
Bb7 9. Qd3 Ne7 10. Bd2 Nxb3 11. axb3 Be4 12. Qe2 Ng6 13. Nc3 Bb7 14. h4 Be7 15.
h5 Nf8 16. Nd4 Ne6 17. Nxf5 Bg5 18. h6 O-O 19. Nxg7 Nf4 20. Bxf4 Rxf4 21. Nh5
Rf7 22. Ne4 Kh8 23. Nxg5 Qxg5 24. f4 Qxh6 25. O-O-O Rg8 26. g3 Bxh1 27. Rxh1
Rxg3 28. Nxg3 Qxf4+ 29. Kb1 Qxg3 30. e6 Re7 31. exd7 Qd6 32. Qg2 Qxd7 33. Qg5
Rg7 34. Qe5 Kg8 35. Re1 h6 36. Qf6 Qd6 37. Qf5 Rf7 38. Qg4+ Kh7 39. Qh5 Qg6 40.
Qd5 h5 41. Re6 Rf5 42. Qd7+ Rf7 43. Qd5 Qg4 44. Qc6 Qg5 45. Qe8 Qf5 46. Re5 Qg6
47. Re6 Rf1+ 48. Ka2 Qxe8 49. Rxe8 Kg6 50. Rg8+ Kh6 51. c4 bxc4 52. bxc4 Rf6 53.
Rh8+ Kg5 54. Rc8 Rc6 55. Kb3 h4 56. Rg8+ Kf4 57. Kc3 h3 58. Kd3 Rh6 59. Rg1 h2
60. Rh1 Ke5 0-1

[Event "World Blitz 2025"]
[Site "Doha QAT"]
[Date "2025.12.29"]
[Round "10.55"]
[White "Nogerbek, Kazybek"]
[Black "Tran, Thanh Tu"]
[Result "1/2-1/2"]
[WhiteTitle "GM"]
[BlackTitle "IM"]
[WhiteElo "2539"]
[BlackElo "2402"]
[WhiteFideId "13710427"]
[BlackFideId "12401404"]
[EventDate "2025.12.29"]

1. e4 Nc6 2. Bb5 a6 3. Ba4 b5 4. Bb3 g6 5. Nf3 Bg7 6. O-O Na5 7. d4 Nxb3 8. axb3
Bb7 9. Re1 d6 10. b4 Nf6 11. Nbd2 O-O 12. b3 e5 13. Bb2 exd4 14. Bxd4 Re8 15. e5
dxe5 16. Bxe5 Qd5 17. Qc1 Re6 18. Qb2 Rae8 19. h3 Nh5 20. Bxg7 Rxe1+ 21. Rxe1
Rxe1+ 22. Nxe1 Qxd2 23. Bc3 Qd1 24. Qa1 Qxa1 25. Bxa1 Nf4 26. Kf1 Be4 27. f3 Bb7
28. Kf2 f5 29. c4 Kf7 30. Ke3 Ne6 31. Nd3 Ke7 32. h4 Bc8 33. Ne5 Bb7 34. Bc3 Nd8
35. Nd3 Ne6 36. Be5 Kd7 37. Bc3 Bc8 38. Ne5+ Ke7 39. g4 fxg4 40. fxg4 Nd8 41.
Kf3 Be6 42. Kf4 Nf7 43. Nc6+ Kd6 44. Na5 c5 45. Nb7+ Ke7 46. cxb5 axb5 47. Nxc5
Bd5 48. Be5 Nd8 49. Ke3 Ne6 50. Nd3 Bxb3 51. Nf2 Bd5 52. Nd1 Bc4 53. Nc3 Nd8 54.
Ne4 Ke6 55. Kf4 Nf7 56. Bb8 h5 57. gxh5 gxh5 58. Ng3 Nd8 59. Ba7 Kf6 60. Nxh5+
Kg6 61. Ng3 Ne6+ 62. Kg4 Bb3 63. h5+ Kf6 64. Be3 Bd1+ 65. Kh4 Nc7 66. Bd4+ Kf7
67. Bc3 Nd5 68. Bd2 Nf6 69. Kg5 Bxh5 70. Bc3 Nd5 71. Bd2 Bd1 72. Kf5 Nb6 73. Ke4
Ke6 74. Kd4 Nd7 75. Ne4 Be2 76. Bf4 Bc4 77. Nd2 Nb6 78. Kc5 Nd5 79. Bg5 Bd3 80.
Nf3 1/2-1/2

[Event "World Blitz 2025"]
[Site "Doha QAT"]
[Date "2025.12.29"]
[Round "10.56"]
[White "Sasikiran, Krishnan"]
[Black "Smirnov, Mark"]
[Result "1-0"]
[WhiteTitle "GM"]
[BlackTitle "FM"]
[WhiteElo "2538"]
[BlackElo "2420"]
[WhiteFideId "5004985"]
[BlackFideId "13764594"]
[EventDate "2025.12.29"]

1. e4 d6 2. d4 Nf6 3. f3 e6 4. c4 g6 5. Nc3 Bg7 6. Bg5 h6 7. Be3 Nc6 8. Qd2 e5
9. d5 Nd4 10. Nge2 Nxe2 11. Bxe2 Nh5 12. O-O-O Nf4 13. Bf1 Bd7 14. Kb1 Qe7 15.
g3 Nh5 16. c5 O-O 17. cxd6 cxd6 18. Bxh6 f5 19. Bxg7 Kxg7 20. Bd3 fxe4 21. Bxe4
Nf6 22. h4 Nxe4 23. fxe4 Bg4 24. Rdf1 Rxf1+ 25. Rxf1 Rf8 26. Rf2 a6 27. a3 Rf3
28. Rxf3 Bxf3 29. Qe3 Qf6 30. Qg5 Qf7 31. Qd8 Qf6 32. Qxf6+ Kxf6 33. Kc2 Ke7 34.
Kd2 Bg4 35. Ke3 Kf6 36. Na2 Bd1 37. Nb4 Kg7 38. Nd3 Kh6 39. Nf2 Ba4 40. g4 Bd7
41. Kf3 Ba4 42. Kg3 Bc2 43. g5+ Kg7 44. Kf3 Ba4 45. Ke3 Bd7 46. Nd1 Kf7 47. b3
Ke7 48. Nb2 Bg4 49. a4 Kd7 50. a5 Ke7 51. Nc4 Bd1 52. b4 Ba4 53. Nd2 Bd1 54. Nc4
Bb3 55. Na3 Ba4 56. Nb1 Bc2 57. Nc3 Kf7 58. b5 Ke7 59. b6 Bb3 60. Nb1 Ba4 61.
Nd2 Bb5 62. Nf3 Kf7 63. Nh2 Bd7 64. Nf1 Ba4 65. Kd2 Kg7 66. Ng3 Be8 67. Ne2 Bb5
68. Nc1 Kf7 69. Na2 Ba4 70. Nb4 Bb5 71. Ke3 Ke7 72. Kf3 Kf7 73. Kg3 Kg7 74. Nc6
Bd3 75. Nd8 Bxe4 76. Nxb7 1-0

[Event "World Blitz 2025"]
[Site "Doha QAT"]
[Date "2025.12.29"]
[Round "10.57"]
[White "Siddharth, Jagadeesh"]
[Black "Martinez Alcantara, Jose Eduardo"]
[Result "1-0"]
[WhiteTitle "GM"]
[BlackTitle "GM"]
[WhiteElo "2489"]
[BlackElo "2667"]
[WhiteFideId "5818320"]
[BlackFideId "3805662"]
[EventDate "2025.12.29"]

1. c4 b6 2. Nc3 Bb7 3. e4 e6 4. d3 c5 5. g3 g6 6. Nge2 Bg7 7. d4 Nc6 8. dxc5
bxc5 9. Nb5 Qb6 10. Bg2 Nd4 11. Nbxd4 cxd4 12. O-O Ne7 13. Nf4 O-O 14. Nd3 d6
15. b3 Rac8 16. h4 Nc6 17. h5 Ne5 18. h6 Bh8 19. Bb2 Nxd3 20. Qxd3 a5 21. Rad1
e5 22. a4 f5 23. f4 Rce8 24. Rde1 exf4 25. exf5 Bxg2 26. fxg6 Be5 1-0

[Event "World Blitz 2025"]
[Site "Doha QAT"]
[Date "2025.12.29"]
[Round "10.58"]
[White "Drygalov, Sergey"]
[Black "Ivanchuk, Vasyl"]
[Result "1/2-1/2"]
[WhiteTitle "GM"]
[BlackTitle "GM"]
[WhiteElo "2571"]
[BlackElo "2607"]
[WhiteFideId "24171743"]
[BlackFideId "14100010"]
[EventDate "2025.12.29"]

1. d4 d5 2. c4 dxc4 3. Nf3 e6 4. e3 a6 5. Bxc4 c5 6. O-O Nf6 7. Re1 Nc6 8. Nc3
Be7 9. dxc5 Qxd1 10. Rxd1 Bxc5 11. a3 Be7 12. Bd3 O-O 13. b4 Rd8 14. Bb2 Bd7 15.
Ne4 Be8 16. Nxf6+ Bxf6 17. Bxf6 gxf6 18. Kf1 Ne7 19. Nd4 Ba4 20. Bc2 Bxc2 21.
Nxc2 Nd5 22. Rac1 Rac8 23. Nd4 Kf8 24. Ke1 Ke7 25. g3 Nb6 26. Ke2 Nc4 27. Rd3 b5
28. Rdc3 Rd5 29. a4 f5 30. axb5 axb5 31. Nxb5 Rxb5 32. Rxc4 Rcb8 33. Rb1 Ra8 34.
Rc5 Ra2+ 35. Kf3 Rxc5 36. bxc5 Rc2 37. Rb7+ Kf6 38. Rc7 h5 39. h4 e5 40. Rc6+
Kg7 41. Kg2 Rc1 42. Kf3 Rc2 43. Kg2 Rc1 44. Rc8 f6 45. Kf3 Rc2 46. Kg2 Rc1 47.
c6 Kg6 48. Rc7 Kh6 49. Rc8 Kg6 50. Rc7 Kh6 51. Kh2 Kg6 52. Kh3 Kh6 53. Rc8 Kg6
54. c7 Kg7 55. Kg2 e4 56. g4 fxg4 57. Kg3 Rc2 58. Kg2 Rc1 59. Kg3 Rc2 1/2-1/2

[Event "World Blitz 2025"]
[Site "Doha QAT"]
[Date "2025.12.29"]
[Round "10.59"]
[White "Klukin, Kirill"]
[Black "Donchenko, Alexander"]
[Result "0-1"]
[WhiteTitle "IM"]
[BlackTitle "GM"]
[WhiteElo "2414"]
[BlackElo "2661"]
[WhiteFideId "24199273"]
[BlackFideId "24603295"]
[EventDate "2025.12.29"]

1. d4 Nf6 2. c4 g6 3. Nc3 Bg7 4. e4 d6 5. Nf3 O-O 6. Bd3 Bg4 7. Be2 Nc6 8. Be3
e5 9. d5 Bxf3 10. Bxf3 Nd4 11. O-O Re8 12. g3 Qd7 13. Bg2 Ng4 14. h3 Nf6 15. Qd2
c5 16. Rae1 a6 17. f4 b5 18. fxe5 dxe5 19. g4 bxc4 20. Rf2 Rf8 21. Bf1 Ne8 22.
Bxc4 Nd6 23. Bd3 Rab8 24. Ref1 c4 25. Bb1 Rb7 26. Nd1 Qc7 27. Bh6 f6 28. Be3 Qc5
29. Kg2 a5 0-1

[Event "World Blitz 2025"]
[Site "Doha QAT"]
[Date "2025.12.29"]
[Round "10.60"]
[White "Vokhidov, Shamsiddin"]
[Black "Zverev, Lev"]
[Result "1-0"]
[WhiteTitle "GM"]
[BlackTitle "IM"]
[WhiteElo "2641"]
[BlackElo "2453"]
[WhiteFideId "14204223"]
[BlackFideId "24250775"]
[EventDate "2025.12.29"]

1. e4 e5 2. Nf3 Nc6 3. Bb5 a6 4. Ba4 Nf6 5. d3 d6 6. c3 Bd7 7. O-O g6 8. Re1 Bg7
9. h3 O-O 10. Nbd2 Nh5 11. Nf1 Qe8 12. Bb3 Kh8 13. d4 f5 14. exf5 gxf5 15. dxe5
dxe5 16. Ng5 Rd8 17. Bf7 Rxf7 18. Qxh5 Kg8 19. Qxh7+ Kf8 20. Nxf7 Qxf7 21. Bh6
Bxh6 22. Qxh6+ Kg8 23. Rad1 Re8 24. Qg5+ Kh7 25. Ng3 Be6 26. b3 Rg8 27. Qh4+ Kg6
28. Qh5+ Kf6 29. Qxf7+ Kxf7 30. Kh2 Kf6 31. f4 e4 32. Nf1 Ne7 33. Ne3 Ng6 34. g3
Ne7 35. Kg2 b5 36. Rd2 a5 37. Red1 a4 38. Rd8 Rg7 39. bxa4 bxa4 40. c4 Nc6 41.
Rf8+ Kg6 42. g4 Nb4 43. Nxf5 Bxf5 44. Rxf5 Re7 45. Re5 Rxe5 46. fxe5 Nxa2 47.
Ra1 Nc3 48. Ra3 Nd1 49. Rxa4 e3 50. Kf3 e2 51. Ra6+ 1-0

[Event "World Blitz 2025"]
[Site "Doha QAT"]
[Date "2025.12.29"]
[Round "10.61"]
[White "Quparadze, Giga"]
[Black "Gaehwiler, Gabriel"]
[Result "1-0"]
[WhiteTitle "GM"]
[BlackTitle "IM"]
[WhiteElo "2502"]
[BlackElo "2382"]
[WhiteFideId "13602250"]
[BlackFideId "1314530"]
[EventDate "2025.12.29"]

1. e4 e5 2. Nf3 Nf6 3. d4 Nxe4 4. Bd3 d5 5. dxe5 Nc5 6. Be2 Be7 7. O-O O-O 8. b3
Bf5 9. Nd4 Bg6 10. f4 Be4 11. Nd2 Nc6 12. Bb2 Nxd4 13. Bxd4 Bf5 14. Bg4 Ne6 15.
Bf2 Bxg4 16. Qxg4 f5 17. exf6 Rxf6 18. f5 Nf8 19. Bd4 Rf7 20. Nf3 Nd7 21. Rad1
Bf6 22. c4 c6 23. cxd5 cxd5 24. Bf2 Ne5 25. Nxe5 Bxe5 26. Qf3 Qd6 27. h3 d4 28.
Qe4 Rd8 29. Rd3 Qd5 30. Qxd5 Rxd5 31. g4 g6 32. fxg6 hxg6 33. Re1 Rc7 34. Red1
Rc2 35. a4 Rb2 36. Kg2 a6 37. Kf3 Bg7 38. R1d2 Rb1 39. h4 b5 40. Ke4 Re5+ 41.
Kf4 bxa4 42. Bxd4 Rf1+ 43. Kg3 Re7 44. Bxg7 Kxg7 45. bxa4 Ra1 46. Rd4 Ra3+ 47.
R2d3 Rxd3+ 48. Rxd3 Re4 49. Rd7+ Kg8 50. Rd6 Rxa4 51. Rxg6+ Kf7 52. h5 Ra1 53.
Kh4 a5 54. Ra6 a4 55. Kg5 a3 56. Ra7+ Ke6 57. h6 a2 58. h7 Rh1 59. Ra6+ Ke5 60.
Rxa2 Rxh7 61. Re2+ Kd6 62. Kg6 Rh8 63. g5 Kd5 1-0

[Event "World Blitz 2025"]
[Site "Doha QAT"]
[Date "2025.12.29"]
[Round "10.62"]
[White "Idani, Pouya"]
[Black "Gan-Erdene, Sugar"]
[Result "0-1"]
[WhiteTitle "GM"]
[BlackTitle "IM"]
[WhiteElo "2611"]
[BlackElo "2444"]
[WhiteFideId "12510130"]
[BlackFideId "4902980"]
[EventDate "2025.12.29"]

1. e4 c5 2. Nf3 d6 3. d4 cxd4 4. Qxd4 Nf6 5. h3 a6 6. Be2 Nc6 7. Qe3 g6 8. O-O
Bg7 9. c4 O-O 10. Nc3 Be6 11. Rb1 Rc8 12. b3 Nd7 13. Bb2 Nde5 14. Ng5 h6 15.
Nxe6 fxe6 16. Rbd1 g5 17. c5 Ng6 18. Bg4 Nf4 19. Be2 Qa5 20. cxd6 exd6 21. g3
Nxe2+ 22. Qxe2 Bxc3 23. Bxc3 Qxc3 24. Rxd6 Qe5 25. Rfd1 Rcd8 26. Rd7 Rxd7 27.
Rxd7 Rf7 28. Rd3 Kg7 29. Qe3 Qa1+ 30. Kg2 Ne5 31. Rc3 Rf3 32. Rc7+ Rf7 33. Qc5
Qb2 34. a4 Kg6 35. Rxf7 Nxf7 36. Qb6 Qe5 37. Qxb7 a5 38. Qb5 Qxe4+ 39. Kh2 Qd5
40. Qb6 Ne5 41. Qe3 Nf3+ 42. Kg2 Nd4+ 43. Kh2 Nxb3 44. h4 Nd4 45. hxg5 hxg5 46.
Qd3+ Kg7 47. Qc3 g4 48. Qc7+ Kg6 49. Qb8 Nf3+ 50. Kg2 Nh4+ 0-1

[Event "World Blitz 2025"]
[Site "Doha QAT"]
[Date "2025.12.29"]
[Round "10.63"]
[White "Urkedal, Frode Olav Olsen"]
[Black "Yakubboev, Nodirbek"]
[Result "0-1"]
[WhiteTitle "GM"]
[BlackTitle "GM"]
[WhiteElo "2568"]
[BlackElo "2691"]
[WhiteFideId "1506102"]
[BlackFideId "14203987"]
[EventDate "2025.12.29"]

1. d4 Nf6 2. c4 g6 3. Nc3 Bg7 4. e4 d6 5. h3 O-O 6. Be3 Nbd7 7. Nf3 e5 8. d5 Nc5
9. Nd2 Ne8 10. b4 Na6 11. a3 f5 12. Nb3 Nf6 13. Be2 c6 14. g4 cxd5 15. cxd5 Nc7
16. gxf5 gxf5 17. Bg5 Nce8 18. Rc1 Qd7 19. exf5 Qxf5 20. Be3 Bd7 21. Bd3 e4 22.
Be2 Kh8 23. Nd4 Qe5 24. Ne6 Bxe6 25. Bd4 Qf5 26. dxe6 Qxe6 27. Rg1 Qxh3 28. Nd5
Nxd5 29. Bxg7+ Nxg7 30. Qxd5 Qh2 31. Rf1 Qf4 32. Rc4 Rac8 33. Rxe4 Qc1+ 34. Bd1
Qxa3 35. Rh1 Qc3+ 36. Kf1 Qf6 37. Qd2 Nf5 38. Bc2 Ng3+ 39. Kg2 0-1

[Event "World Blitz 2025"]
[Site "Doha QAT"]
[Date "2025.12.29"]
[Round "10.64"]
[White "Ohanyan, Emin"]
[Black "Sanal, Vahap"]
[Result "0-1"]
[WhiteTitle "GM"]
[BlackTitle "GM"]
[WhiteElo "2493"]
[BlackElo "2546"]
[WhiteFideId "13312022"]
[BlackFideId "6300545"]
[EventDate "2025.12.29"]

1. d4 Nf6 2. Nf3 b6 3. g3 Bb7 4. Bg2 g6 5. O-O Bg7 6. c4 O-O 7. b3 d5 8. Ne5 e6
9. Bb2 Nbd7 10. Nxd7 Qxd7 11. Nd2 Rfd8 12. Qc2 Rac8 13. Rfd1 c5 14. dxc5 bxc5
15. cxd5 exd5 16. e3 Qe7 17. Rac1 d4 18. Bxb7 Qxb7 19. exd4 cxd4 20. Nc4 Ne4 21.
h4 d3 22. Rxd3 Rxd3 23. Qxd3 Bxb2 24. Re1 Nc5 25. Qe3 Qa6 26. Nxb2 Qxa2 27. Nd3
Nxb3 28. Ne5 Qd2 29. Qxd2 Nxd2 30. Rd1 Rc2 31. Ra1 Rc7 32. Ra6 Ne4 33. Ra4 Nc5
34. Ra3 a6 35. Kg2 Kg7 36. Kf3 Re7 37. Nc6 Re6 38. Nb4 Rb6 39. Nd5 Rb3+ 40. Rxb3
Nxb3 41. Ke3 f5 42. Kd3 Kf7 43. Kc3 Nc5 44. f3 Ke6 45. Kc4 Kd6 46. Nf6 h5 47. g4
Nd7 48. Ne8+ Ke7 49. Nc7 Ne5+ 50. Kd5 Nxf3 51. gxf5 gxf5 52. Nxa6 Kf6 53. Nc5
Nxh4 54. Kd4 Kg5 55. Ne6+ Kg4 56. Ke3 Ng6 57. Kf2 h4 58. Nd4 Ne5 59. Ne2 h3 60.
Nd4 f4 61. Ne6 f3 62. Kg1 Kg3 63. Nd4 h2+ 64. Kh1 f2 65. Ne2+ Kf3 66. Ng3 Ng4
67. Nf1 Ke2 68. Ng3+ Ke1 69. Kg2 Ne3+ 70. Kxh2 Nf1+ 0-1

[Event "World Blitz 2025"]
[Site "Doha QAT"]
[Date "2025.12.29"]
[Round "10.65"]
[White "Orozbaev, Eldiyar"]
[Black "Nesterov, Arseniy"]
[Result "1-0"]
[WhiteTitle "IM"]
[BlackTitle "GM"]
[WhiteElo "2348"]
[BlackElo "2595"]
[WhiteFideId "13802240"]
[BlackFideId "24198455"]
[EventDate "2025.12.29"]

1. e4 e5 2. Nf3 Nf6 3. Nc3 Nc6 4. d4 exd4 5. Nxd4 Bb4 6. Nxc6 bxc6 7. Qd4 Qe7 8.
f3 O-O 9. Bg5 c5 10. Qd3 Qe5 11. Bd2 d5 12. f4 Qe6 13. e5 d4 14. Ne4 Bxd2+ 15.
Nxd2 Nd5 16. Qf3 Bb7 17. Bc4 Rab8 18. O-O Qd7 19. Bxd5 Bxd5 20. Qa3 c4 21. Nf3
Qg4 22. Rad1 d3 23. cxd3 Qxf4 24. dxc4 Bxf3 25. Rxf3 Qxc4 26. b3 Qe4 27. Qc5
Rbd8 28. Rdf1 Rd2 29. Qxc7 Rxa2 30. Rd1 Qe2 31. Qxf7+ 1-0

[Event "World Blitz 2025"]
[Site "Doha QAT"]
[Date "2025.12.29"]
[Round "10.66"]
[White "Raja, Rithvik R"]
[Black "Motylev, Alexander"]
[Result "1/2-1/2"]
[WhiteTitle "GM"]
[BlackTitle "GM"]
[WhiteElo "2541"]
[BlackElo "2573"]
[WhiteFideId "35007394"]
[BlackFideId "4121830"]
[EventDate "2025.12.29"]

1. Nf3 d5 2. g3 e6 3. Bg2 Nf6 4. O-O Bd6 5. c4 O-O 6. b3 e5 7. cxd5 Nxd5 8. Bb2
Nc6 9. Nc3 Nxc3 10. Bxc3 e4 11. Ne1 Re8 12. Nc2 a5 13. Ne3 Bc5 14. a3 Qe7 15. b4
Ba7 16. b5 Nd4 17. Bxa5 Nxb5 18. Bb4 c5 19. a4 cxb4 20. axb5 Bd7 21. Qa4 Qc5 22.
Rfb1 Bxb5 23. Qxb4 Qxb4 24. Rxb4 Bc6 25. Rc4 Bxe3 26. Rxa8 Rxa8 27. fxe3 f5 28.
g4 g6 29. gxf5 gxf5 30. Bh3 Ra5 31. Kf2 Kf7 32. Kg3 Kf6 33. Rd4 Rd5 34. Kf4 Rxd4
35. exd4 Bd7 36. e3 b5 37. Bf1 b4 38. Bc4 Ba4 39. d3 Bc2 40. dxe4 fxe4 41. h4 h6
42. Bd5 b3 43. Bxb3 Bxb3 44. Kxe4 1/2-1/2

[Event "World Blitz 2025"]
[Site "Doha QAT"]
[Date "2025.12.29"]
[Round "10.67"]
[White "Shogdzhiev, Roman"]
[Black "Rakhmanov, Aleksandr"]
[Result "0-1"]
[WhiteTitle "IM"]
[BlackTitle "GM"]
[WhiteElo "2403"]
[BlackElo "2585"]
[WhiteFideId "55653537"]
[BlackFideId "4173708"]
[EventDate "2025.12.29"]

1. d3 c5 2. Nd2 Nc6 3. g3 g6 4. Bg2 Bg7 5. Ngf3 e6 6. e4 Nge7 7. O-O O-O 8. Re1
d6 9. Nf1 b5 10. c3 b4 11. d4 a5 12. d5 bxc3 13. bxc3 Bxc3 14. Bh6 Nd4 15. Nxd4
cxd4 16. Rc1 Bxe1 17. Qxe1 exd5 18. Bxf8 Kxf8 19. exd5 Bb7 20. Qd2 Qb6 21. Re1
Ng8 22. Rd1 Ba6 23. Qxd4 Qxd4 24. Rxd4 Bxf1 25. Bxf1 Rc8 26. Bb5 Rc5 27. a4 Ne7
28. Bc6 h5 29. Kg2 Nf5 30. Rd2 Ke7 31. Rb2 Kf6 32. Rd2 g5 33. h3 h4 34. g4 Ne7
35. f4 gxf4 36. Kf3 Ng6 37. Rb2 Rc4 38. Rb8 Ne5+ 39. Ke2 f3+ 40. Ke3 Rc3+ 41.
Kd2 f2 42. Rb1 Rxh3 43. Ke2 Rf3 44. Kf1 0-1

[Event "World Blitz 2025"]
[Site "Doha QAT"]
[Date "2025.12.29"]
[Round "10.68"]
[White "Kozak, Adam"]
[Black "Agmanov, Zhandos"]
[Result "1-0"]
[WhiteTitle "GM"]
[BlackTitle "IM"]
[WhiteElo "2546"]
[BlackElo "2471"]
[WhiteFideId "753246"]
[BlackFideId "13708309"]
[EventDate "2025.12.29"]

1. Nf3 d5 2. b3 c5 3. e3 a6 4. Bb2 Nc6 5. g3 Nf6 6. c4 d4 7. exd4 cxd4 8. Bg2 e5
9. O-O Bd6 10. d3 O-O 11. Re1 h6 12. Ba3 Re8 13. Bxd6 Qxd6 14. a3 a5 15. Nbd2
Bf5 16. Qc2 Nd7 17. Ne4 Bxe4 18. Rxe4 Nc5 19. Nd2 Nxe4 20. Nxe4 Qe7 21. c5 Red8
22. Rb1 f5 23. Nd6 Rxd6 24. cxd6 Qxd6 25. b4 axb4 26. axb4 Ra3 27. b5 Nd8 28.
Qc8 g6 29. Bxb7 Rc3 30. Qa8 Rxd3 31. b6 Ra3 32. Bd5+ 1-0

[Event "World Blitz 2025"]
[Site "Doha QAT"]
[Date "2025.12.29"]
[Round "10.85"]
[White "Gharibyan, Mamikon"]
[Black "Madaminov, Mukhiddin"]
[Result "0-1"]
[WhiteTitle "GM"]
[BlackTitle "GM"]
[WhiteElo "2491"]
[BlackElo "2552"]
[WhiteFideId "13308300"]
[BlackFideId "14210703"]
[EventDate "2025.12.29"]

1. d4 d5 2. c4 e6 3. Nc3 Nf6 4. cxd5 exd5 5. Bg5 c6 6. e3 Bd6 7. Bd3 O-O 8. Nf3
Re8 9. Qc2 h6 10. Bh4 Bg4 11. Nd2 Be6 12. Bg3 Bxg3 13. hxg3 Nbd7 14. Nf3 Ng4 15.
Nh4 a5 16. Ne2 Ndf6 17. Nf4 Bd7 18. Nf5 Qb8 19. O-O-O Ne4 20. Bxe4 Rxe4 21.
Nxh6+ gxh6 22. Nh5 Kf8 23. f3 Nxe3 24. Qd2 Re6 25. Rde1 Nc4 26. Qf2 Qd6 27. b3
Qa3+ 28. Kb1 Rxe1+ 29. Rxe1 Bf5+ 30. Ka1 a4 31. Qe2 axb3 0-1

[Event "World Blitz 2025"]
[Site "Doha QAT"]
[Date "2025.12.29"]
[Round "10.86"]
[White "Harshavardhan, G B"]
[Black "Rodrigue-Lemieux, Shawn"]
[Result "1-0"]
[WhiteTitle "IM"]
[BlackTitle "GM"]
[WhiteElo "2477"]
[BlackElo "2517"]
[WhiteFideId "25059009"]
[BlackFideId "2620049"]
[EventDate "2025.12.29"]

1. e4 c6 2. d4 d5 3. exd5 cxd5 4. c4 Nf6 5. Nc3 Nc6 6. Nf3 a6 7. h3 g6 8. c5 Bg7
9. Bd3 Bf5 10. Bxf5 gxf5 11. O-O e6 12. Rb1 Ne4 13. Be3 O-O 14. Ne2 a5 15. Nf4
b6 16. Qa4 Rc8 17. a3 bxc5 18. dxc5 d4 19. Rfd1 Nxc5 20. Qb5 Ne4 21. Nh5 Bh8 22.
Bh6 Re8 23. Rd3 Qd5 24. Qxd5 exd5 25. Rc1 Ne5 26. Rxc8 Rxc8 27. Nxe5 Bxe5 28. f3
Nc5 29. Rd1 Ne6 30. f4 Bh8 31. Rd3 f6 32. g4 Rc1+ 33. Kg2 Rc2+ 34. Kg3 Rc4 35.
gxf5 Nc5 36. Rd1 d3 37. Kf3 Kf7 38. Ng3 a4 39. Nf1 Rc2 40. Rd2 d4 41. h4 Ke7 42.
h5 Kf7 43. Rd1 Rxb2 44. Rc1 Rc2 45. Rb1 Nb3 46. Rd1 d2 47. Ke2 Nc1+ 48. Kf3 Nb3
49. Ke2 Rc1 50. Nxd2 d3+ 51. Ke1 Rc3 52. Ne4 Rc1 53. Rxc1 Nxc1 54. Kd2 Nb3+ 55.
Kxd3 Ke7 56. Kc4 Kf7 57. Kb4 Nd4 58. Ng3 Nc6+ 59. Kxa4 Ne7 60. Kb5 Ng8 61. a4
Nxh6 62. a5 Ng8 63. a6 Ne7 64. a7 Nd5 65. Kc6 Ne7+ 66. Kb7 Bg7 67. a8=Q Bh6 68.
Qa2+ Kf8 69. Qe6 Bxf4 70. Qxf6+ Ke8 71. Ne4 1-0